[Event "Dortmund"]
[Site "Dortmund"]
[Date "1997.07.07"]
[Round "4"]
[White "Karpov, Anatoly"]
[Black "Polgar, Judit"]
[Result "1/2-1/2"]
[WhiteElo "2745"]
[BlackElo "2670"]
[PlyCount "26"]
[EventDate "1997.07.04"]
[Source "ChessBase"]
[SourceDate "1997.10.13"]

1. d4 d5 2. c4 e6 3. Nf3 Nf6 4. Nc3 dxc4 5. Qa4+ Nbd7 6. e4 a6 7. Bf4 b5 8. Nxb5 axb5 9. Qxa8 Bb4+ 10. Bd2 Nb6 11. Qc6+ Bd7 12. Qb7 Bc8 13. Qc6+ Bd7 1/2-1/2

[Event "Amber-blind 6th"]
[Site "Monte Carlo"]
[Date "1997.??.??"]
[Round "10"]
[White "Karpov, Anatoly"]
[Black "Van Wely, Loek"]
[Result "1-0"]
[WhiteElo "2760"]
[BlackElo "2645"]
[PlyCount "59"]
[EventDate "1997.04.18"]
[Source "ChessBase"]

1. Nf3 Nf6 2. c4 e6 3. Nc3 d5 4. d4 dxc4 5. Qa4+ Nbd7 6. e4 a6 7. Bxc4 c6 8. Qc2 b5 9. Be2 Bb7 10. e5 Nd5 11. Nxd5 cxd5 12. O-O Be7 13. Bd2 O-O 14. Bd3 h6 15. a4 b4 16. Rfc1 Rc8 17. Qd1 Qa5 18. h4 Rxc1 19. Rxc1 Rc8 20. Rxc8+ Bxc8 21. Qc1 Bb7 22. Bxh6 Qxa4 23. Bg5 Bxg5 24. Nxg5 Nf8 25. Qc7 Qd7 26. Qc5 b3 27. Qb6 Qc6 28. Qd8 Qc8 29. Qe7 Qd7 30. Bh7+ 1-0

[Event "Tilburg"]
[Site "?"]
[Date "1991.??.??"]
[Round "?"]
[White "Karpov, An"]
[Black "Timman, J."]
[Result "1-0"]
[WhiteElo "2730"]
[BlackElo "2630"]
[PlyCount "111"]
[EventDate "1991.??.??"]
[Source "ChessBase"]
[SourceDate "1991.10.01"]

1. d4 Nf6 2. c4 e6 3. Nf3 d5 4. Nc3 dxc4 5. Qa4+ c6 6. Qxc4 b5 7. Qb3 Nbd7 8. Bg5 Qa5 9. e3 Ba6 10. Bxf6 gxf6 11. Bd3 b4 12. Ne4 Rd8 13. Rc1 Bxd3 14. Qxd3 b3+ 15. Nfd2 bxa2 16. O-O f5 17. Nc3 Bg7 18. Ra1 O-O 19. Rxa2 Qc7 20. Nb3 c5 21. Qc4 Rc8 22. Nb5 Qb6 23. Nxa7 Rc7 24. Nb5 Rb7 25. Ra5 cxd4 26. exd4 Rbb8 27. Qa4 Rfd8 28. Rc1 Nf6 29. Nc5 Ne4 30. Qa3 Qc6 31. Na7 Qc7 32. b4 Qf4 33. Nxe4 fxe4 34. Nc6 Bxd4 35. Qg3+ Qxg3 36. hxg3 e3 37. Kf1 exf2 38. Nxd8 Rxd8 39. Rd1 Kg7 40. Re5 Kf6 41. Re2 Ke7 42. b5 f5 43. Rc2 Rd5 44. Rb1 Bb6 45. Rc6 Rd6 46. Rxd6 Kxd6 47. Ke2 Kd5 48. Rh1 Kc4 49. Rxh7 Kxb5 50. Re7 Bd4 51. Rxe6 Kc5 52. g4 fxg4 53. Rg6 Kd5 54. Rxg4 Ba7 55. Rg7 Bb6 56. Re7 1-0

[Event "Dos Hermanas 81/319 "]
[Site "?"]
[Date "2001.??.??"]
[Round "?"]
[White "Dreev, A."]
[Black "Azmaiparashvili, Z."]
[Result "1/2-1/2"]
[WhiteElo "2685"]
[BlackElo "2670"]
[PlyCount "75"]
[EventDate "2001.??.??"]
[Source "Chess Informant"]
[SourceDate "2001.02.01"]

1. d4 d5 2. c4 dxc4 3. Nf3 c5 4. d5 Nf6 5. Nc3 e6 6. e4 exd5 7. e5 Ne4 8. Qxd5 Nxc3 9. Qxd8+ Kxd8 10. bxc3 Nc6 11. Bxc4 Be6 12. Bxe6 fxe6 13. Ng5 Kd7 14. Be3 Nxe5 15. O-O-O+ Kc6 16. Bf4 Ng6 17. Bg3 e5 18. Nf7 Rg8 19. h4 h5 20. Rhe1 Be7 21. Kc2 Bf6 22. Bxe5 Nxe5 23. Nxe5+ Bxe5 24. Rxe5 Raf8 25. f3 g6 26. Re6+ Kc7 27. Re7+ Kc6 28. Re6+ Kc7 29. Rd5 Rf5 30. Ree5 b6 31. Kd3 Rf4 32. Re4 Rf5 33. Re7+ Kc6 34. Rde5 Rf4 35. Re4 g5 36. hxg5 Rxe4 37. Rxe4 Rxg5 38. Re2 1/2-1/2

[Event "Biel"]
[Site "Biel"]
[Date "1990.??.??"]
[Round "8"]
[White "Miles, Anthony J"]
[Black "Karpov, Anatoly"]
[Result "1/2-1/2"]
[WhiteElo "2595"]
[BlackElo "2730"]
[PlyCount "39"]
[EventDate "1990.07.??"]
[Source "ChessBase"]

1. d4 Nf6 2. Nf3 e6 3. c4 d5 4. Nc3 dxc4 5. Qa4+ Nbd7 6. e4 c5 7. d5 exd5 8. e5 b5 9. Qxb5 Rb8 10. Qa4 d4 11. exf6 dxc3 12. Bxc4 Rb4 13. Qc2 Nxf6 14. b3 Be6 15. O-O Bxc4 16. bxc4 Be7 17. Ne5 O-O 18. Qxc3 Bd6 19. Nd3 Rb6 20. Re1 1/2-1/2

[Event "Dos Hermanas-A"]
[Site "Dos Hermanas"]
[Date "2001.04.25"]
[Round "7"]
[White "Krasenkow, Michal"]
[Black "Azmaiparashvili, Zurab"]
[Result "0-1"]
[WhiteElo "2655"]
[BlackElo "2670"]
[PlyCount "38"]
[EventDate "2001.04.19"]
[Source "ChessBase"]
[SourceDate "2001.07.05"]

1. Nf3 d5 2. d4 Nf6 3. c4 e6 4. Nc3 dxc4 5. Qa4+ c6 6. Qxc4 b5 7. Qb3 Nbd7 8. Bg5 h6 9. Bxf6 Nxf6 10. e3 a6 11. Rc1 Bd7 12. e4 c5 13. dxc5 Qa5 14. e5 Ne4 15. a3 Bxc5 16. Rc2 Rc8 17. Bd3 Nxc3 18. bxc3 Qxa3 19. Qb1 Be7 0-1

[Event "EU-ch 1st 5'"]
[Site "Neum"]
[Date "2000.10.05"]
[Round "20"]
[White "Dreev, Alexey"]
[Black "Van Wely, Loek"]
[Result "0-1"]
[WhiteElo "2676"]
[BlackElo "2643"]
[PlyCount "112"]
[EventDate "2000.10.04"]
[Source "www.chesslib.no"]
[SourceDate "2004.05.04"]

1. d4 Nf6 2. c4 e6 3. Nf3 d5 4. Nc3 dxc4 5. e4 c5 6. d5 exd5 7. e5 Nfd7 8. Nxd5 Nb6 9. Nxb6 Qxd1+ 10. Kxd1 axb6 11. Bxc4 Nc6 12. Re1 Be6 13. Bxe6 fxe6 14. Bd2 Be7 15. Kc2 Rf8 16. a4 O-O-O 17. Re4 Rd5 18. Bc3 Bd8 19. Rae1 Rf5 20. Rg4 g5 21. h3 h5 22. Rge4 Bc7 23. R1e2 Rd7 24. Nd2 Ne7 25. Nc4 Nd5 26. Bd2 Rg7 27. f3 Kd7 28. Ne3 Nxe3+ 29. R2xe3 Kc6 30. g4 hxg4 31. hxg4 Rf8 32. Rd3 b5 33. axb5+ Kxb5 34. Kd1 Kc6 35. Rc3 b5 36. b3 Rd8 37. Ke2 Rd5 38. Be3 Rg8 39. Kf2 Rg7 40. Kg2 Rg8 41. Kf2 Rg7 42. Kg2 Rg8 43. Kf2 Bd8 44. Kg2 Be7 45. Rc2 Ra8 46. f4 gxf4 47. Bxf4 Ra3 48. Re3 Rd4 49. Kg3 c4 50. bxc4 Rxc4 51. Rxc4+ bxc4 52. Rxa3 Bxa3 53. g5 Kd7 54. g6 Ke8 55. Kf3 c3 56. Ke2 c2 0-1

[Event "Tallinn EST"]
[Site "?"]
[Date "2006.01.07"]
[Round "3"]
[White "Ivanchuk Vassily"]
[Black "Kosyrev Vladimir"]
[Result "1-0"]
[WhiteElo "2748"]
[BlackElo "2530"]
[PlyCount "37"]
[EventDate "2006.??.??"]
[Source "www.chesslib.no"]
[SourceDate "2004.05.04"]

1. d4 e6 2. c4 Nf6 3. Nf3 d5 4. Nc3 dxc4 5. Qa4+ Nbd7 6. e4 c5 7. d5 exd5 8. e5 d4 9. exf6 dxc3 10. Bxc4 Qxf6 11. Bg5 Qb6 12. O-O Bd6 13. Rae1+ Kf8 14. Bxf7 Kxf7 15. Qc4+ Kf8 16. Qh4 Kf7 17. Be7 Nf6 18. Qc4+ Kg6 19. Qd3+ 1-0

[Event "Europa ch 2008"]
[Site "Plovdiv BUL"]
[Date "2008.04.25"]
[Round "5.9"]
[White "Nyback, Tomi"]
[Black "Vallejo Pons, Francisco"]
[Result "1/2-1/2"]
[WhiteElo "2587"]
[BlackElo "2684"]
[PlyCount "92"]
[EventDate "2008.04.21"]
[Source "www.chesslib.no"]
[SourceDate "2004.05.04"]

1. d4 d5 2. c4 dxc4 3. Nf3 c5 4. d5 e6 5. Nc3 Nf6 6. e4 exd5 7. e5 Ne4 8. Qxd5 Nxc3 9. Qxd8+ Kxd8 10. bxc3 Nc6 11. Ng5 Ke7 12. Be3 Nxe5 13. O-O-O f6 14. f4 fxg5 15. fxe5 Be6 16. g3 Ke8 17. Bg2 Rb8 18. Bd5 Bxd5 19. Rxd5 Rd8 20. Rxd8+ Kxd8 21. Rd1+ Ke8 22. e6 Ke7 23. Bxc5+ Kxe6 24. Rd8 Kf7 25. Kd2 Rg8 26. Bxa7 Be7 27. Rxg8 Kxg8 28. Ke3 Kf7 29. Kd4 b5 30. Kd5 h5 31. Bc5 Bf6 32. Kc6 Bxc3 33. Kxb5 Be1 34. Kxc4 Ke6 35. a4 g4 36. Bb4 Bf2 37. a5 Kd7 38. Bc5 Be1 39. Bb4 Bf2 40. Bc5 Be1 41. a6 Kc8 42. Be3 h4 43. gxh4 Bxh4 44. Kd3 Be7 45. Ke4 Bd6 46. Bf4 Bc5 1/2-1/2

[Event "Polanica Zdroj 71/397"]
[Site "?"]
[Date "1997.??.??"]
[Round "?"]
[White "Gelfand, Boris"]
[Black "Psakhis, Lev"]
[Result "1/2-1/2"]
[WhiteElo "2695"]
[BlackElo "2565"]
[PlyCount "72"]
[EventDate "1997.??.??"]
[Source "ChessBase"]
[SourceDate "1997.10.01"]

1. d4 Nf6 2. c4 e6 3. Nf3 d5 4. Nc3 dxc4 5. Qa4+ Nbd7 6. e4 a6 7. Bxc4 Rb8 8. Qc2 b5 9. Bd3 Bb7 10. Bf4 Rc8 11. d5 Nh5 12. Be3 e5 13. a4 b4 14. Na2 c6 15. dxc6 Rxc6 16. Qd2 Qa5 17. O-O Be7 18. Nc1 Nhf6 19. Nb3 Qc7 20. Rfc1 O-O 21. Rxc6 Qxc6 22. Qe2 Ra8 23. Nfd2 Bd8 24. a5 Rc8 25. Rc1 Qd6 26. Nc4 Qe6 27. f3 Be7 28. Qd2 h6 29. Bf1 Rc6 30. Qd3 Nb8 31. Rd1 Nfd7 32. Nb6 Nxb6 33. axb6 Rd6 34. Qc2 Rc6 35. Qd3 Rd6 36. Qc2 Rc6 1/2-1/2

[Event "Leningrad"]
[Site "Leningrad"]
[Date "1987.??.??"]
[Round "?"]
[White "Nikolic, Predrag"]
[Black "Jussupow, Artur"]
[Result "1/2-1/2"]
[WhiteElo "2600"]
[BlackElo "2645"]
[PlyCount "33"]
[EventDate "1987.05.??"]
[Source "ChessBase"]

1. d4 Nf6 2. c4 e6 3. Nf3 d5 4. Nc3 dxc4 5. Qa4+ Nbd7 6. e4 Be7 7. Bxc4 O-O 8. Qc2 c5 9. e5 Nd5 10. dxc5 Nxc3 11. Qxc3 Nxc5 12. O-O b6 13. Bf4 Bb7 14. b4 Ne4 15. Qb3 Ng5 16. Bxg5 Bxg5 17. Rfd1 1/2-1/2

[Event "VII Gibtelecom Masters"]
[Site "Caleta ING"]
[Date "2009.01.30"]
[Round "4"]
[White "Sokolov, Iv NED"]
[Black "Golod, V."]
[Result "0-1"]
[WhiteElo "2657"]
[BlackElo "2575"]
[PlyCount "48"]
[EventDate "2009.01.27"]
[Source "www.chesslib.no"]
[SourceDate "2004.05.04"]

1. d4 Nf6 2. c4 e6 3. Nf3 d5 4. Nc3 dxc4 5. e3 a6 6. a4 Bb4 7. Bxc4 b6 8. O-O Bb7 9. Qb3 Qe7 10. e4 Nxe4 11. Re1 Nc6 12. Rxe4 Na5 13. Qc2 Nxc4 14. d5 Qc5 15. dxe6 O-O 16. Rh4 f5 17. Na2 Be4 18. Rxe4 fxe4 19. Qxe4 Rad8 20. Bg5 Nd2 21. Bxd2 Rxd2 22. Rf1 Rxb2 23. Nc1 Rxf2 24. Nd3 R2xf3+ 0-1

[Event "St Petersburg-ch"]
[Site "St Petersburg"]
[Date "1998.04.13"]
[Round "6"]
[White "Khalifman, Alexander"]
[Black "Ivanov, Sergey"]
[Result "1-0"]
[WhiteElo "2660"]
[BlackElo "2570"]
[PlyCount "63"]
[EventDate "1998.04.07"]
[Source "ChessBase"]
[SourceDate "1998.08.06"]

1. d4 Nf6 2. Nf3 d5 3. c4 e6 4. Nc3 dxc4 5. Bg5 a6 6. a4 c5 7. Bxf6 Qxf6 8. d5 exd5 9. Nxd5 Qd8 10. e3 Nc6 11. Bxc4 Bd6 12. O-O O-O 13. h3 Re8 14. Qc2 Rb8 15. a5 h6 16. Rfd1 Be6 17. Qc3 Bxd5 18. Bxd5 Qc7 19. Nd2 Nb4 20. Nc4 Be5 21. Nxe5 Rxe5 22. Bf3 Ree8 23. Rdc1 Qd8 24. b3 Re7 25. Rd1 Qc7 26. Qd2 Rc8 27. Bg4 Rce8 28. Qd6 g6 29. Rac1 Qxa5 30. Bd7 Qa2 31. Bxe8 Rxe8 32. Qxc5 1-0

[Event "EU-ch 1st 30'"]
[Site "Neum"]
[Date "2000.10.02"]
[Round "5"]
[White "Greenfeld, Alon"]
[Black "Van Wely, Loek"]
[Result "1-0"]
[WhiteElo "2574"]
[BlackElo "2643"]
[PlyCount "89"]
[EventDate "2000.10.02"]
[Source "www.chesslib.no"]
[SourceDate "2004.05.04"]

1. d4 Nf6 2. Nf3 e6 3. c4 d5 4. Nc3 dxc4 5. e3 a6 6. a4 c5 7. Bxc4 Qc7 8. d5 exd5 9. Nxd5 Nxd5 10. Qxd5 Be6 11. Qe4 Qc6 12. Qxc6+ Nxc6 13. Bxe6 fxe6 14. Ng5 e5 15. a5 Be7 16. Ne4 Kd7 17. Bd2 Rac8 18. Ke2 Ke6 19. Rac1 Na7 20. Rc4 Rc6 21. h4 h5 22. Rh3 Rhc8 23. Rg3 Bf6 24. Nxf6 gxf6 25. Rg7 R6c7 26. Rxc7 Rxc7 27. b4 Kd5 28. Rxc5+ Rxc5 29. bxc5 f5 30. f3 Nc6 31. g4 fxg4 32. fxg4 hxg4 33. h5 Ke4 34. h6 Nd8 35. h7 Nf7 36. Kf2 Kd3 37. Bc1 Kc2 38. Ba3 Kb3 39. c6 bxc6 40. Bd6 e4 41. Kg3 Kc4 42. Be5 Kd3 43. Bd4 Kc4 44. Kxg4 c5 45. Bf6 1-0

[Event "Amber-blind 6th"]
[Site "Monte Carlo"]
[Date "1997.??.??"]
[Round "8"]
[White "Ljubojevic, Ljubomir"]
[Black "Van Wely, Loek"]
[Result "1-0"]
[WhiteElo "2570"]
[BlackElo "2645"]
[PlyCount "53"]
[EventDate "1997.04.18"]
[Source "ChessBase"]

1. d4 d5 2. Nf3 Nf6 3. c4 dxc4 4. Nc3 c5 5. d5 e6 6. e4 exd5 7. e5 Nfd7 8. Bg5 f6 9. Qxd5 fxg5 10. Bxc4 Qe7 11. Bb5 g4 12. e6 gxf3 13. O-O-O Kd8 14. Rhe1 Qd6 15. Qg5+ Be7 16. Qg4 h5 17. Qe4 Nf6 18. Rxd6+ Bxd6 19. e7+ Kc7 20. Nd5+ Nxd5 21. Qxd5 Bd7 22. Rd1 Bf4+ 23. Kb1 fxg2 24. Bxd7 g1=Q 25. Qxc5+ Nc6 26. Rxg1 Kxd7 27. Qf5+ 1-0

[Event "HZ Open"]
[Site "Vlissingen OLA"]
[Date "2007.08.08"]
[Round "6"]
[White "Krasenkow, M."]
[Black "Romanishin, O."]
[Result "1/2-1/2"]
[WhiteElo "2660"]
[BlackElo "2546"]
[PlyCount "41"]
[EventDate "2007.08.04"]
[Source "www.chesslib.no"]
[SourceDate "2004.05.04"]

1. d4 d5 2. Nf3 Nf6 3. c4 dxc4 4. Nc3 Nc6 5. e4 Bg4 6. d5 Ne5 7. Qd4 Nxf3+ 8. gxf3 Bxf3 9. Rg1 e6 10. Bxc4 c6 11. Bf4 Qb6 12. Qxb6 axb6 13. dxe6 fxe6 14. Bxe6 Nh5 15. Be3 b5 16. e5 Bb4 17. Kf1 g6 18. Ne2 Ng7 19. Bb3 Nf5 20. Bg5 Be7 21. Rc1 1/2-1/2

[Event "Petrosian mem"]
[Site "Stepanakert"]
[Date "2004.03.16"]
[Round "8"]
[White "Anastasian, Ashot"]
[Black "Sargissian, Gabriel"]
[Result "1/2-1/2"]
[WhiteElo "2587"]
[BlackElo "2618"]
[PlyCount "148"]
[EventDate "2004.03.09"]
[Source "ChessBase"]
[SourceDate "2004.06.01"]

1. d4 Nf6 2. c4 e6 3. Nf3 d5 4. Nc3 dxc4 5. Qa4+ c6 6. Qxc4 b5 7. Qb3 Nbd7 8. Bg5 Be7 9. g3 Bb7 10. Bg2 a6 11. Bxf6 Bxf6 12. Ne4 O-O 13. O-O c5 14. Nxc5 Nxc5 15. dxc5 Qa5 16. Qc2 Qa4 17. Qxa4 bxa4 18. Rac1 Rfc8 19. Ne1 Bxg2 20. Kxg2 Bxb2 21. Rc4 a3 22. Nd3 a5 23. Rd1 Rab8 24. Rd2 Kf8 25. f4 Ke7 26. Kf3 h5 27. h3 Rc6 28. g4 hxg4+ 29. hxg4 Rb5 30. Rd1 Rb8 31. Ke4 g6 32. g5 Rb5 33. e3 Rb8 34. Rd2 Rb5 35. Rdc2 Rb8 36. Ne5 Bxe5 37. Kxe5 Rb2 38. e4 Rc8 39. c6 Rb5+ 40. Kd4 Kd6 41. c7 Rb4 42. Rxb4 axb4 43. Rc5 b3 44. axb3 Rxc7 45. e5+ Kd7 46. Ra5 Kc6 47. Rxa3 Kb5 48. Ra4 Rd7+ 49. Kc3 Rc7+ 50. Rc4 Rd7 51. Rc8 Kb6 52. Kc4 Kb7 53. Rf8 Kb6 54. Rc8 Kb7 55. Rc5 Rd1 56. Kb5 Rd3 57. Kb4 Kb6 58. Rc4 Rd1 59. Kc3 Rf1 60. Rd4 Kc5 61. b4+ Kc6 62. Kd3 Rd1+ 63. Ke3 Re1+ 64. Kd2 Rf1 65. Rd6+ Kc7 66. Ke3 Rb1 67. Rd4 Rb3+ 68. Ke2 Kc6 69. Rc4+ Kd5 70. Rc7 Ke4 71. Rxf7 Rb2+ 72. Kd1 Rxb4 73. Kd2 Rb2+ 74. Kc3 Rf2 1/2-1/2

[Event "Cup Russia"]
[Site "Serpukhov RUS"]
[Date "2007.11.08"]
[Round "2.2"]
[White "Iljin, A."]
[Black "Timofeev, Arty"]
[Result "0-1"]
[WhiteElo "2565"]
[BlackElo "2637"]
[PlyCount "46"]
[EventDate "2007.11.05"]
[Source "www.chesslib.no"]
[SourceDate "2004.05.04"]

1. d4 d5 2. c4 e6 3. Nf3 Nf6 4. Nc3 dxc4 5. Qa4+ c6 6. Qxc4 b5 7. Qb3 Nbd7 8. g3 b4 9. Na4 Ba6 10. Bd2 Qa5 11. a3 Rb8 12. Qd1 Bb5 13. Nc5 Nxc5 14. dxc5 Bxc5 15. axb4 Qxb4 16. Bxb4 Bxb4+ 17. Nd2 Ne4 18. Bg2 Nxd2 19. f4 Rd8 20. Qc2 Nc4+ 21. Kf2 Bc5+ 22. Kf3 Rd2 23. Qe4 Rxb2 0-1

[Event "Nova Gorica op 7th"]
[Site "Nova Gorica"]
[Date "2002.02.08"]
[Round "9"]
[White "Kozul, Zdenko"]
[Black "Sermek, Drazen"]
[Result "1/2-1/2"]
[WhiteElo "2606"]
[BlackElo "2595"]
[PlyCount "26"]
[EventDate "2002.01.12"]
[Source "ChessBase"]
[SourceDate "2002.03.14"]

1. d4 d5 2. c4 dxc4 3. Nf3 c5 4. d5 e6 5. Nc3 Nf6 6. e4 exd5 7. exd5 Bd6 8. Bxc4 O-O 9. O-O Bg4 10. Bg5 h6 11. Bh4 Nbd7 12. a3 Re8 13. b3 a6 1/2-1/2

[Event "Europa ch 2008"]
[Site "Plovdiv BUL"]
[Date "2008.04.25"]
[Round "5.37"]
[White "Sargissian, Gabriel"]
[Black "Sulskis, Sarunas"]
[Result "1/2-1/2"]
[WhiteElo "2643"]
[BlackElo "2555"]
[PlyCount "93"]
[EventDate "2008.04.21"]
[Source "www.chesslib.no"]
[SourceDate "2004.05.04"]

1. d4 Nf6 2. c4 e6 3. Nf3 d5 4. Nc3 dxc4 5. Qa4+ Nbd7 6. e4 Be7 7. Qxc4 O-O 8. Bg5 c5 9. Rd1 b5 10. Qxb5 Rb8 11. Qd3 Rxb2 12. Bc1 Rb4 13. a3 Rb6 14. d5 exd5 15. exd5 Ba6 16. Qc2 Bxf1 17. Kxf1 Bd6 18. g3 Ne5 19. Nh4 c4 20. Kg2 Nd3 21. Na4 Rb3 22. Qxc4 Nxc1 23. Rxc1 Rxa3 24. Nc3 Be5 25. Rhd1 Bxc3 26. Rxc3 Rxc3 27. Qxc3 Qb6 28. Qf3 Rd8 29. Nf5 g6 30. Ne3 Kg7 31. Qf4 h6 32. Qe5 Qd6 33. Qa1 Rd7 34. Rc1 Re7 35. Rd1 Qe5 36. Rd4 Kh7 37. Qd1 h5 38. d6 Rd7 39. Qd3 a5 40. Nc4 Qc5 41. Rf4 Ne8 42. Rd4 Nf6 43. Kg1 a4 44. Rf4 a3 45. Qxa3 Qxa3 46. Nxa3 Rxd6 47. Nc4 1/2-1/2

[Event "Aeroflot Open"]
[Site "Moscow"]
[Date "2004.02.25"]
[Round "9"]
[White "Kharitonov, Andrei Y"]
[Black "Vescovi, Giovanni P"]
[Result "1-0"]
[WhiteElo "2561"]
[BlackElo "2633"]
[PlyCount "113"]
[EventDate "2004.02.17"]
[Source "Roberto Alvarez"]
[SourceDate "2004.03.01"]

1. d4 Nf6 2. Nf3 d5 3. c4 e6 4. Nc3 dxc4 5. e3 a6 6. a4 c5 7. Bxc4 Be7 8. O-O Nc6 9. b3 O-O 10. Bb2 cxd4 11. exd4 Nb4 12. Qe2 Bd7 13. Ne5 Bc6 14. Rad1 Bd5 15. f4 g6 16. g4 Nd7 17. Bxd5 Nxd5 18. Nxd5 exd5 19. f5 Nf6 20. Rd3 Ne4 21. Rdf3 f6 22. Nd3 Bd6 23. fxg6 hxg6 24. Nc5 Bxc5 25. dxc5 Qc8 26. Kh1 Qxg4 27. Qd3 Kg7 28. Rg1 Qe6 29. b4 Rf7 30. Bd4 Rh8 31. b5 axb5 32. axb5 g5 33. Rg2 Kg6 34. Qc2 Rc8 35. Ra3 Rh7 36. Rf3 Rf7 37. Ra3 Qf5 38. Kg1 Rh7 39. Ra1 Rh3 40. c6 bxc6 41. bxc6 Qe6 42. Rc1 Rh7 43. Qa4 Rhc7 44. Rgc2 Qg4+ 45. Rg2 Qf4 46. Rf1 Qd6 47. h4 Rxc6 48. hxg5 fxg5 49. Be3 Qe5 50. Qa7 Rf6 51. Rxf6+ Qxf6 52. Rh2 Kf5 53. Qh7+ Ke5 54. Rb2 Rh8 55. Qa7 Kf5 56. Bd4 Qc6 57. Bxh8 1-0

[Event "27th Open"]
[Site "Bratto ITA"]
[Date "2007.08.31"]
[Round "9"]
[White "Khenkin, I."]
[Black "Epishin, V."]
[Result "1/2-1/2"]
[WhiteElo "2602"]
[BlackElo "2587"]
[PlyCount "21"]
[EventDate "2007.08.23"]
[Source "www.chesslib.no"]
[SourceDate "2004.05.04"]

1. d4 d5 2. Nf3 Nf6 3. c4 dxc4 4. Nc3 Bg4 5. Ne5 Bh5 6. h3 Nbd7 7. g4 Bg6 8. Bg2 c6 9. f4 e6 10. e4 Nxe5 11. dxe5 1/2-1/2

[Event "Reggio Emilia"]
[Site "?"]
[Date "1988.??.??"]
[Round "?"]
[White "Georgiev, Kir"]
[Black "Ehlvest, J."]
[Result "1/2-1/2"]
[WhiteElo "2595"]
[BlackElo "2580"]
[PlyCount "120"]
[EventDate "1988.??.??"]
[Source "ChessBase"]
[SourceDate "1989.01.01"]

1. d4 d5 2. c4 dxc4 3. Nf3 Nf6 4. Nc3 c5 5. e4 cxd4 6. Qxd4 Qxd4 7. Nxd4 Bd7 8. e5 Ng4 9. e6 fxe6 10. Bxc4 Kf7 11. Ne4 Nc6 12. Nxe6 Bxe6 13. Ng5+ Kf6 14. Nxe6 Nge5 15. Bb3 Na5 16. Bg5+ Kf5 17. Bd5 Nd3+ 18. Ke2 Nb4 19. Rad1 Nxd5 20. Rxd5+ Kxe6 21. Rxa5 b6 22. Ra4 g6 23. Rc1 h6 24. Be3 Bg7 25. Rc7 Bxb2 26. Re4+ Be5 27. Bf4 Kf5 28. Bxe5 Kxe4 29. Bxh8 Rxh8 30. Rxe7+ Kf4 31. Rxa7 Re8+ 32. Kd2 Rd8+ 33. Kc3 Rc8+ 34. Kb3 Rc1 35. h4 g5 36. Ra4+ Kf5 37. f3 Rg1 38. g4+ Ke5 39. hxg5 hxg5 40. Re4+ Kd5 41. Re8 Kd4 42. Rf8 Rb1+ 43. Kc2 Ra1 44. Kb2 Rf1 45. Rf6 b5 46. a3 Kc4 47. Rc6+ Kd4 48. Rf6 Kc4 49. Rf5 Rf2+ 50. Kb1 Rf1+ 51. Kc2 Rf2+ 52. Kd1 Ra2 53. Rxg5 Rxa3 54. Ke2 b4 55. Rg8 b3 56. Rb8 Kc3 57. Rc8+ Kd4 58. Rd8+ Kc3 59. Rc8+ Kd4 60. Rd8+ Kc3 1/2-1/2

[Event "Mind Sports Games - Rapid Pair"]
[Site "Pechino CINA"]
[Date "2008.10.09"]
[Round "2"]
[White "Banikas, H."]
[Black "Ghaem Maghami, E."]
[Result "1/2-1/2"]
[WhiteElo "2572"]
[BlackElo "2599"]
[PlyCount "37"]
[EventDate "2008.10.09"]
[Source "www.chesslib.no"]
[SourceDate "2004.05.04"]

1. d4 Nf6 2. c4 e6 3. Nf3 d5 4. Nc3 dxc4 5. e3 a6 6. a4 Bb4 7. Bxc4 O-O 8. O-O b6 9. Qe2 Bb7 10. Rd1 Nbd7 11. Bd3 c5 12. Na2 Ne4 13. Nxb4 cxb4 14. Ne1 Qf6 15. a5 e5 16. d5 Nec5 17. e4 Nb3 18. Ra2 bxa5 19. Be3 1/2-1/2

[Event "Tallinn"]
[Site "?"]
[Date "1989.??.??"]
[Round "?"]
[White "Eingorn, V."]
[Black "Gelfand, B."]
[Result "1/2-1/2"]
[WhiteElo "2570"]
[BlackElo "2600"]
[PlyCount "56"]
[EventDate "1989.??.??"]
[Source "ChessBase"]
[SourceDate "1989.01.01"]

1. d4 Nf6 2. c4 e6 3. Nf3 d5 4. Nc3 dxc4 5. Bg5 a6 6. a4 Nc6 7. e3 Na5 8. Ne5 c5 9. Bxc4 Be7 10. O-O cxd4 11. exd4 Nxc4 12. Nxc4 a5 13. d5 exd5 14. Bxf6 Bxf6 15. Nxd5 Be6 16. Nxf6+ Qxf6 17. Nd6+ Kf8 18. Nxb7 Qe7 19. Qd6 Qxd6 20. Nxd6 Ke7 21. Nb5 Rhd8 22. Nc7 Rab8 23. Nxe6 fxe6 24. Rab1 Rd2 25. b3 Rd3 26. Rfe1 Rbxb3 27. Rxb3 Rxb3 28. f4 Rb4 1/2-1/2

[Event "Heitmann Memorial"]
[Site "Heitmann Memorial"]
[Date "1990.??.??"]
[Round "?"]
[White "Raedeker, Bernd"]
[Black "Korolev, Sergey Ivanovich"]
[Result "0-1"]
[WhiteElo "2545"]
[BlackElo "2625"]
[PlyCount "74"]
[EventDate "1990.??.??"]
[Source "www.chesslib.no"]
[SourceDate "2004.05.04"]

1. d4 d5 2. c4 dxc4 3. Nf3 Nf6 4. Nc3 Nc6 5. e4 Bg4 6. Be3 Bxf3 7. gxf3 e5 8. d5 Nb8 9. f4 Bd6 10. fxe5 Bxe5 11. Bg2 Qe7 12. Qa4+ Nbd7 13. Qxc4 Ng4 14. Bd2 Qh4 15. Nd1 Bxb2 16. Rb1 Nde5 17. Qb3 O-O 18. h3 Nxf2 19. Nxf2 Bd4 20. Be3 Bxe3 21. Qxe3 f5 22. O-O f4 23. Qc3 Rae8 24. Rfc1 Rf6 25. d6 cxd6 26. Nd3 f3 27. Nxe5 Rxe5 28. Qb3+ d5 29. Rc8+ Kf7 30. Qxb7+ Kg6 31. Rc7 Qh6 32. Rb2 Rg5 33. e5 Rxe5 34. h4 Re1+ 35. Bf1 Qe3+ 36. Kh2 Qe5+ 37. Kh3 Rf4 0-1

[Event "Corus B"]
[Site "?"]
[Date "2005.01.21"]
[Round "6"]
[White "Mamedyarov Shakhriyar"]
[Black "Ernst Sipke"]
[Result "1-0"]
[WhiteElo "2657"]
[BlackElo "2509"]
[PlyCount "61"]
[EventDate "2005.??.??"]
[Source "www.chesslib.no"]
[SourceDate "2004.05.04"]

1. d4 d5 2. c4 dxc4 3. Nf3 Nf6 4. Nc3 c5 5. d5 e6 6. e4 a6 7. Bg5 b5 8. e5 h6 9. Bh4 g5 10. Nxg5 hxg5 11. Bxg5 Bg7 12. dxe6 Qxd1+ 13. Rxd1 Bxe6 14. exf6 Bh6 15. f4 Bxg5 16. fxg5 Rh4 17. g3 Rd4 18. Bg2 Ra7 19. Ne2 Rad7 20. Nxd4 cxd4 21. h4 b4 22. h5 Kf8 23. g6 Kg8 24. g7 Rd6 25. h6 Bf5 26. h7+ Bxh7 27. Be4 Re6 28. Rxh7 Rxe4+ 29. Kf2 Kxh7 30. Rh1+ Kg8 31. Rh8# 1-0

[Event "Bled ol (Men)"]
[Site "?"]
[Date "2002.10.28"]
[Round "3"]
[White "Magai Vladimir"]
[Black "Kortschnoj Viktor"]
[Result "1/2-1/2"]
[WhiteElo "2531"]
[BlackElo "2634"]
[PlyCount "86"]
[EventDate "2002.??.??"]
[Source "www.chesslib.no"]
[SourceDate "2004.05.04"]

1. d4 Nf6 2. c4 e6 3. Nf3 d5 4. Nc3 dxc4 5. e3 a6 6. a4 b6 7. Bxc4 Bb7 8. O-O Nbd7 9. Qe2 Bb4 10. Rd1 O-O 11. d5 exd5 12. Nxd5 Bd6 13. b3 Nc5 14. Nxf6+ Qxf6 15. Ba3 Rfd8 16. h3 Ne4 17. Bb2 Qe7 18. Rac1 c5 19. Nd2 Nf6 20. Nf3 Ne4 21. Nd2 Bc7 22. Nxe4 Qxe4 23. Qg4 Qxg4 24. hxg4 h6 25. Kf1 Kf8 26. Ba3 Ke8 27. b4 Rxd1+ 28. Rxd1 Bc6 29. bxc5 Bxa4 30. Rd4 Bb5 31. Bxb5+ axb5 32. Bb4 bxc5 33. Bxc5 Ra4 34. Rd5 f6 35. Bd4 b4 36. Rb5 Kd7 37. Ke2 Kc6 38. Rc5+ Kb7 39. Kd3 Ra2 40. e4 Bd6 41. Rb5+ Kc6 42. Rb6+ Kc7 43. Rb5 Kc6 1/2-1/2

[Event "Corfu (m/3)"]
[Site "?"]
[Date "1993.??.??"]
[Round "?"]
[White "Skembris, S."]
[Black "Timman, J."]
[Result "1-0"]
[WhiteElo "2545"]
[BlackElo "2620"]
[PlyCount "65"]
[EventDate "1993.??.??"]
[Source "ChessBase"]
[SourceDate "1993.06.01"]

1. d4 Nf6 2. c4 e6 3. Nf3 d5 4. Nc3 dxc4 5. e3 a6 6. a4 Bb4 7. Bxc4 c5 8. O-O O-O 9. Na2 b6 10. Nxb4 cxb4 11. Bd2 a5 12. Ne5 Bb7 13. f3 Nc6 14. Nxc6 Bxc6 15. Qe2 Qd7 16. b3 Ne8 17. Rfd1 Nd6 18. Be1 Nxc4 19. Qxc4 Bb7 20. e4 Ba6 21. Qc1 Rac8 22. Qe3 h6 23. d5 Rc5 24. Bf2 exd5 25. Qf4 Rc2 26. Rxd5 Qe6 27. Rad1 Rb2 28. Bd4 Rxb3 29. Rd6 Qc8 30. Bxg7 Qc5+ 31. Bd4 Qg5 32. Rxh6 f6 33. Rh8+ 1-0